000 02331nam a2200265 a 4500
001 000035149
003 DO-SdBNP
005 20250318152040.0
008 111025s1964 ag a 000 0 spa d
040 _aDO-SdBNP
_bspa
_cBNPHU
100 1 _aMolinari, Diego Luis,
_d1889-1966
_960860
245 1 0 _aDescubrimiento y conquista de América :
_bde Erik el Rojo a Hernán Cortés /
_cDiego Luis Molinari.
260 _aBuenos Aires :
_bEditorial Universitaria de Buenos Aires,
_c1964.
300 _a184 p. :
_bil., maps. ;
_c23 cm.
490 0 _aBiblioteca de América. Manuales historia
505 0 _aContenido:
_tLos conocimientos de la época. --
_tEl saber astronómico en la Edad Media (siglos XI-XV). --
_tEl arte de la navegación (siglos XI-XV). --
_tLas rutas del comercio y la navegación. --
_tEl mundo conocido antes de Colón. --
_tEl mundo conocido en el año 1000. --
_tEl descubrimiento de América por los nórdicos (siglos XI). --
_tEl reconocimiento del Asia. --
_tLos sistemas mercantiles. --
_tLos descubrimientos en el África (siglos XIII-XV). --
_tLa España del descubrimiento. --
_tLos Estados ibéricos (siglos XIII-XV). --
_tLas instituciones de Castilla (siglos XI-XV). --
_tLa organización política (siglos XI-XV). --
_tCastilla y Aragón (1469-1504). --
_tLa expansión castellana (1480-1516). --
_tEl descubrimiento. --
_tLa partición del mundo entre castellanos y portugueses (1493-1529). --
_tOtros viajes y conquistas. --
_tLos descubrimientos de los ingleses (1497-1498). --
_tLos descubrimientos castellanos (1498-1501). --
_tLos descubrimientos portugueses (1494-1500). --
_tAmérica Vespucio. --
_tLa cartografía de los primeros viajes (1500-1507). --
_tEmpresas, descubrimientos, conquistas. --
_tLa conquista de México. --
_tÍndice de mapas. --
_tÍndice de nombres de personas. --
_tÍndice de nombres geográficos americanos.
510 0 _aÍndice de mapas: p. 185.
510 0 _aÍndice de nombres de personas: p. 175-180
510 0 _aÍndice de nombres geográficos americanos: p. 181-184
590 _aPerteneció a la biblioteca personal de Juan Isidro Jimenes Grullón
650 2 4 _aDescubrimientos geográficos
_927535
651 4 _aAmérica --
_xDescubrimiento y exploración --
_xEspañoles
_9544
_vEnsayo, conferencias, etc.
651 4 _aAmérica
_xHistoria
_yHASTA 1810
_960861
942 _2ddc
_cLBS1
999 _c34640
_d34640